banner-ar

كتاب التسالى الكبير مع خوخة و فلفل و نمنم / (Record no. 62180)

MARC details
000 -الفاتح
حقل البيانات ثابتة الطول 00716nam a22002177a 4500
005 - وقت وتاريخ اخر تعامل مع التسجيلة
رقم الضبط 20240530110535.0
008 - عناصر البيانات ثابتة الطول - معلومات عامة
حقل البيانات ثابتة الطول 160330s2009 ua af c 000 0 ara d
017 ## - رقم الايداع القانونى
رقم الايداع القانونى 2008/22401
المصدر ( الهيئة المختصة) مصر . دار الكتب المصرية
020 ## - الرقم الدولى المعيارى للكتب
الرقم الدولى المعيارى للكتاب 9789770925730
040 ## - مصدر الفهرسة
وكالة الفهرسة الأصلية EG-CaGPL
082 04 - رقم تصنيف ديوى العشرى
رقم الطبعة 21
رقم التصنيف 372.52\
رقم المادة د ك
245 00 - بيان العنوان
العنوان كتاب التسالى الكبير مع خوخة و فلفل و نمنم /
250 ## - بيان الطبعة
بيان الطبعة ط1.
260 ## - PUBLICATION, DISTRIBUTION, ETC. (IMPRINT)
تاريخ النشر أو التوزيع 2009 .
300 ## - الوصف المادى
التعداد متعدد ؛
أبعاد الوعاء 50 سم .
490 0# - بيان السلسلة
عنوان السلسلة عالم سمسم
رقم المجلد/ التعيين التسلسلي 321
650 04 - المدخل الاضافى بالموضوع-مصطلح موضوعى
مصطلح موضوعي رسومات الاطفال .
650 04 - المدخل الاضافى بالموضوع-مصطلح موضوعى
مصطلح موضوعي التلوين .
942 ## - عناصر المدخل الإضافي( كوها)
مصدر التصنيف او مخطط الترفيف Dewey Decimal Classification
Koha [default] item type كتاب
260 ## - PUBLICATION, DISTRIBUTION, ETC. (IMPRINT)
-- القاهرة :
-- دار الشروق ،
Holdings
حالة التراجع حالة الفقد حالة تلف ليس للاعارة المكان المؤقت الموقع الحالى تاريخ الاكتساب اجمالي اﻻعارات رقم الطلب الباركود تاريخ اخر مشاهدة تاريخ تفعيل السعر نوع وعاء كوها
        مكتبة القاهرة الكبرى مكتبة القاهرة الكبرى 03/30/2016   372.52\ د ك 161744 03/30/2016 03/30/2016 كتاب

Powered By

EGPV